Centenárium prvého stáleho divadla postaveného v Trnave v roku 1831

Bibliographic Details
Other Authors: Schneider-Trnavský, Mikuláš, 1881-1958 (Author of introduction, etc.), Mladoň, Jozef, 1916-1988 (Compiler), Ruppeldt, Miloš, 1881-1943, Žiška, Pavel, Gleiman, Ján, 1893-1983, Krčméry, Štefan, 1892-1955, Urbánek, Ferko, 1858-1934, Žiška, Pavel, 1879-1947
Format: Book
Language:Slovak
Published: Trnava Trnavský slovenský spevokol 1931
Subjects:

MARC

LEADER 00000cam a2200000 a 4500
001 vtls008382418
003 SK-MaSNL
005 20260301093626.0
008 251124s1931 xo 000 0 slo
015 |a SNBA19191938-006332 
035 |a SK01SNKBSKHR20010074635 
035 |a SKM000077098 
040 |a SNK  |b slo  |c SNK  |e AACR2 
041 1 |a slo 
044 |a xo  |c SK 
080 |a 792(091)  |2 1981 
245 0 0 |a Centenárium prvého stáleho divadla postaveného v Trnave v roku 1831  |c sostavil Jozef Legény 
260 |a Trnava  |b Trnavský slovenský spevokol  |c 1931  |e Trnava  |f Fr. Urbánek 
300 |a 70, [18] s.  |b 6 obr.  |c 8° 
500 |a Fotogr. 
500 |a Úvod Mikuláš Schneider-Trnavský 
650 0 7 |a divadlá  |2 SNKPH  |9 29113 
651 7 |a Trnava (Slovensko)  |2 SNKPHgeo  |9 19407 
655 7 |a jubilejné publikácie  |2 SNKPH  |9 70339 
655 7 |a zborníky  |2 SNKPH  |9 70165 
700 1 |a Schneider-Trnavský, Mikuláš,  |d 1881-1958  |4 aui  |9 251793 
700 1 |a Mladoň, Jozef,  |d 1916-1988  |4 com  |9 226033 
700 1 2 |a Ruppeldt, Miloš,  |d 1881-1943  |t K II. festivalu Sväzu slov. speváckych sborov v Trnave 6. a 7. júna 1931  |9 426262 
700 1 2 |a Žiška, Pavel  |t Kultúrny význam divadla v Trnave  |9 426263 
700 1 |a Gleiman, Ján,  |d 1893-1983  |t Vznik trnavského divadla  |9 426264 
700 1 |a Krčméry, Štefan,  |d 1892-1955  |t Z minulosti slovenského divadelného ochotníctva  |9 426265 
700 1 2 |a Urbánek, Ferko,  |d 1858-1934  |t Osvetou k sláve  |9 426266 
700 1 2 |a Mladoň, Jozef,  |d 1916-1988  |t Po stopách divadelnej kultúry slovenskej v Trnave  |9 426267 
700 1 2 |a Žiška, Pavel,  |d 1879-1947  |t Kultúrny význam divadla v Trnave  |9 426268 
852 |a Slovenská národná knižnica 
958 |a OND 
958 |a RK 
958 |a TL 
999 |c 677621  |d 679551 
952 |a SNK  |b SNK  |y PREZ  |7 0  |p 17A0512821  |o snkSD 14080  |i snk9341/57  |0 0  |1 0  |4 0  |d 2006-06-13  |l 0  |r 2025-11-27 00:00:00  |w 2026-02-23